| 000 | 00522nam a2200169 a 4500 | ||
|---|---|---|---|
| 005 | 20140412111316.0 | ||
| 008 | 001214s19uu xx 00 eng d | ||
| 020 | _a0-307-12019-8 | ||
| 050 |
_aER _bBi48 1986 |
||
| 100 | _aSommers, Tish | ||
| 245 |
_aBig bird goes to the doctor / _cby Tish Sommers ; illustrated by Tom Cooke. |
||
| 260 |
_aU. S. A : _bA Sesame Street/Golden Press Book, _c1986. |
||
| 300 | _a1 v. (unp.) ; ill. | ||
| 440 | _aCTW/Sesame Street | ||
| 650 | _aDoctor stories -- Fiction | ||
| 999 |
_c104245 _d104245 |
||